Capitals and Largest Cities of Canada - Statistics

General Stats
  • This quiz has been taken 29 times
  • The average score is 15 of 18
Answer Stats
Capital % Correct
Province Alberta Calgary
95%
Province Alberta Edmonton
95%
Province Quebec Montreal
95%
Province Quebec Quebec City
95%
Province Ontario Toronto
95%
Province British Columbia Vancouver
95%
Province Saskatchewan Saskatoon
90%
Province Manitoba Winnipeg
90%
Province Saskatchewan Regina
86%
Province Newfoundland and Labrador St. John's
86%
Province British Columbia Victoria
86%
Province Prince Edward Island Charlottetown
81%
Territory Yukon Whitehorse
81%
Territory Northwest Territories Yellowknife
81%
Province New Brunswick Fredericton
76%
Province Nova Scotia Halifax
76%
Territory Nunavut Iqaluit
71%
Province New Brunswick Moncton
71%
No matching quizzes found
Score Distribution
Percent of People with Each Score
Percentile by Number Answered
Your Score History
You have not taken this quiz